| 000 | 00414nam a22001577a 4500 | ||
|---|---|---|---|
| 003 | LK-CoMWRAF | ||
| 005 | 20231120144337.0 | ||
| 008 | 231120b |||||||| |||| 00| 0 eng d | ||
| 040 |
_aLK-CoMWRAF _dLK-CoMWRAF _eLK-CoMWRAF |
||
| 041 | _aeng | ||
| 082 |
_a820 _bGCE |
||
| 245 |
_aG C E (OL) English Literature : _bPhase 1 - Year 9 |
||
| 260 | _bEnglish resource centre | ||
| 650 | _aEnglish Literature | ||
| 942 | _cBK | ||
| 999 |
_c4168 _d4168 |
||